Povinnosti v podnikaní a sankcie

Pokračovanie príspevku o základných povinnostiach a sankciách v podnikaní. Základné povinnosti zamestnávateľov a prislúchajúce sankcie v zmysle Zákonníka práce.

Guardado en:
Detalles Bibliográficos
Autor principal: Mintál, Ján
Formato: Capítulo de libro
Lenguaje:eslovaco
Materias:
Etiquetas: Agregar Etiqueta
Sin Etiquetas, Sea el primero en etiquetar este registro!

MARC

LEADER 00000naa$a2200000$$$4500
001 0042256
005 20231109114237.4
041 0 |a slo 
044 |a SK 
245 1 0 |a Povinnosti v podnikaní a sankcie  |c Ján Mintál 
520 |a Pokračovanie príspevku o základných povinnostiach a sankciách v podnikaní. Základné povinnosti zamestnávateľov a prislúchajúce sankcie v zmysle Zákonníka práce. 
610 2 0 |a podnikanie 
610 2 0 |a sankcie 
610 2 0 |a zákonník práce 
610 2 0 |a podmienky pracovné 
610 2 0 |a odmeňovanie 
610 2 0 |a zamestnávatelia 
100 1 |a Mintál, Ján